000 00662nam a22002057a 4500
005 20251108164910.0
008 250721s1979 xx 000 0 ara d
082 1 4 _a962.03/عبد
100 1 _aخفاجي، عبد الحليم
245 1 0 _aعندما غابت الشمس :
_bقصة العمر الثاني في السجون و المعتقلات /
264 1 _aالقاهرة :
_bدار النذير،
_c1979.
300 _a496ص
650 1 7 _aتاريخ مصر
650 1 7 _aالتاريخ السياسي
650 1 7 _aالثورات
650 1 7 _aالأحزاب
650 1 7 _aالإخوان المسلمين
942 _2ddc
_cBK
999 _c16996
_d16996